|
|
|
|
| LEADER |
00000nmm#a2200000#a#4500 |
| 001 |
000541 |
| 005 |
20160707145726.0 |
| 008 |
011218s1997####mx#########m########spa#d |
| 040 |
|
|
|a AR-BeUNQ
|
| 099 |
|
|
|a 18-C14 [Solicitar CD-ROM en mostrador]
|
| 100 |
1 |
|
|a Comer, Douglas E
|
| 245 |
0 |
2 |
|a Redes de computadoras, internet e interredes /
|c Douglas E. Comer.
|
| 250 |
|
|
|a 1a. ed.
|
| 260 |
|
|
|a México, DF :
|b Prentice-Hall Hispanoamericana,
|c 1997
|
| 500 |
|
|
|a Es material complementario de: Redes de computadoras, internet e interredes / Douglas E Comer
|
| 942 |
|
|
|c CD
|n 0
|
| 650 |
|
7 |
|a REDES DE INFORMACION
|2 spines
|
| 650 |
|
7 |
|a TELECOMUNICACIONES
|2 spines
|
| 650 |
|
7 |
|a INTERNET
|2 toit
|
| 650 |
|
7 |
|a COMPUTADORA
|2 toit
|
| 653 |
|
|
|a CD-DATA
|
| 929 |
|
|
|a COMPRA
|b Alfagrama
|c Exp. 827-0056/01
|d atriimonio cd
|e 20011218
|j 31433
|
| 929 |
|
|
|a COMPRA
|b Alfagrama
|c Exp. 827-0056/01
|d atrimonio cd
|e 20020213
|j 31598
|
| 999 |
|
|
|c 2840
|d 78227
|